<?xml version="1.0" encoding="UTF-8"?>
<record
    xmlns:xsi="http://www.w3.org/2001/XMLSchema-instance"
    xsi:schemaLocation="http://www.loc.gov/MARC21/slim http://www.loc.gov/standards/marcxml/schema/MARC21slim.xsd"
    xmlns="http://www.loc.gov/MARC21/slim">

  <leader>02074na  a2200565   4500</leader>
  <controlfield tag="001">13907</controlfield>
  <controlfield tag="003">MIRAKIL</controlfield>
  <controlfield tag="005">20181213154935.0</controlfield>
  <controlfield tag="008">160821b        tu            000 0      </controlfield>
  <datafield tag="020" ind1=" " ind2=" ">
    <subfield code="a">9758563408 (c.23)</subfield>
  </datafield>
  <datafield tag="020" ind1=" " ind2=" ">
    <subfield code="a">9758563394 (c.22)</subfield>
  </datafield>
  <datafield tag="020" ind1=" " ind2=" ">
    <subfield code="a">9758563289 (c.21)</subfield>
  </datafield>
  <datafield tag="020" ind1=" " ind2=" ">
    <subfield code="a">9758563335 (c.20)</subfield>
  </datafield>
  <datafield tag="020" ind1=" " ind2=" ">
    <subfield code="a">9758563327 (c.19)</subfield>
  </datafield>
  <datafield tag="020" ind1=" " ind2=" ">
    <subfield code="a">9758563319 (c.18)</subfield>
  </datafield>
  <datafield tag="020" ind1=" " ind2=" ">
    <subfield code="a">9758563300 (c.17)</subfield>
  </datafield>
  <datafield tag="020" ind1=" " ind2=" ">
    <subfield code="a">9758563297 (c.16)</subfield>
  </datafield>
  <datafield tag="020" ind1=" " ind2=" ">
    <subfield code="a">9758563289 (c.15)</subfield>
  </datafield>
  <datafield tag="020" ind1=" " ind2=" ">
    <subfield code="a">9758563270 (c.14)</subfield>
  </datafield>
  <datafield tag="020" ind1=" " ind2=" ">
    <subfield code="a">9758563262 (c.13)</subfield>
  </datafield>
  <datafield tag="020" ind1=" " ind2=" ">
    <subfield code="a">9758563254 (c.12)</subfield>
  </datafield>
  <datafield tag="020" ind1=" " ind2=" ">
    <subfield code="a">9758563246 (c.11)</subfield>
  </datafield>
  <datafield tag="020" ind1=" " ind2=" ">
    <subfield code="a">9758563238 (c.10)</subfield>
  </datafield>
  <datafield tag="020" ind1=" " ind2=" ">
    <subfield code="a">975856322x (c.9)</subfield>
  </datafield>
  <datafield tag="020" ind1=" " ind2=" ">
    <subfield code="a">9758563211 (c.8)</subfield>
  </datafield>
  <datafield tag="020" ind1=" " ind2=" ">
    <subfield code="a">9758563203 (c.7)</subfield>
  </datafield>
  <datafield tag="020" ind1=" " ind2=" ">
    <subfield code="a">975856319x (c.6)</subfield>
  </datafield>
  <datafield tag="020" ind1=" " ind2=" ">
    <subfield code="a">9758563181 (c.5)</subfield>
  </datafield>
  <datafield tag="020" ind1=" " ind2=" ">
    <subfield code="a">9758563173 (c.4)</subfield>
  </datafield>
  <datafield tag="020" ind1=" " ind2=" ">
    <subfield code="a">9758563165 (c.3)</subfield>
  </datafield>
  <datafield tag="020" ind1=" " ind2=" ">
    <subfield code="a">9758563157 (c.2)</subfield>
  </datafield>
  <datafield tag="020" ind1=" " ind2=" ">
    <subfield code="a">8563130 (tk.)</subfield>
  </datafield>
  <datafield tag="020" ind1=" " ind2=" ">
    <subfield code="a">9758563149 (c.1)</subfield>
  </datafield>
  <datafield tag="035" ind1=" " ind2=" ">
    <subfield code="a">13907</subfield>
  </datafield>
  <datafield tag="040" ind1=" " ind2=" ">
    <subfield code="a">Milas</subfield>
    <subfield code="b">tur</subfield>
    <subfield code="c">TR-AnCHP</subfield>
  </datafield>
  <datafield tag="082" ind1=" " ind2=" ">
    <subfield code="a">ATA 923.156</subfield>
    <subfield code="b">A54 2001</subfield>
  </datafield>
  <datafield tag="090" ind1=" " ind2=" ">
    <subfield code="a">ATA 923.156 A54 2001</subfield>
  </datafield>
  <datafield tag="245" ind1=" " ind2=" ">
    <subfield code="a">An&#x131;tkabir &#xF6;zel defteri</subfield>
    <subfield code="b">(1953'ten g&#xFC;n&#xFC;m&#xFC;ze An&#x131;tkabir'i ziyaret eden yerli ve yabanc&#x131; heyet ba&#x15F;kanlar&#x131;n&#x131;n Atat&#xFC;rk hakk&#x131;ndaki duygu ve d&#xFC;&#x15F;&#xFC;nceleri)</subfield>
    <subfield code="c">yay&#x131;n koordinat&#xF6;r&#xFC; Recep Cengiz</subfield>
  </datafield>
  <datafield tag="246" ind1=" " ind2=" ">
    <subfield code="a">1953'ten g&#xFC;n&#xFC;m&#xFC;ze An&#x131;tkabir'i ziyaret eden yerli ve yabanc&#x131; heyet ba&#x15F;kanlar&#x131;n&#x131;n Atat&#xFC;rk hakk&#x131;ndaki duygu ve d&#xFC;&#x15F;&#xFC;nceleri</subfield>
  </datafield>
  <datafield tag="260" ind1=" " ind2=" ">
    <subfield code="a">Ankara</subfield>
    <subfield code="b">An&#x131;tkabir Derne&#x11F;i</subfield>
    <subfield code="c">2001</subfield>
  </datafield>
  <datafield tag="300" ind1=" " ind2=" ">
    <subfield code="a">23 c.</subfield>
    <subfield code="b">t&#x131;pk&#x131;bs.</subfield>
    <subfield code="c">30 sm.</subfield>
  </datafield>
  <datafield tag="490" ind1=" " ind2=" ">
    <subfield code="a">An&#x131;tkabir Derne&#x11F;i Yay&#x131;nlar&#x131;</subfield>
    <subfield code="v">2</subfield>
  </datafield>
  <datafield tag="500" ind1=" " ind2=" ">
    <subfield code="a">Metin T&#xFC;rk&#xE7;e, &#x130;ngilizce, Almanca, Frans&#x131;zca, &#x130;talyanca, &#x130;spanyolca, Japonca, Balkan dilleri, Rus&#xE7;a, Bulgarca ya da Arap&#xE7;a</subfield>
  </datafield>
  <datafield tag="500" ind1=" " ind2=" ">
    <subfield code="a">21. c. An&#x131;tkabir &#xF6;zel defteri fihristidir.</subfield>
  </datafield>
  <datafield tag="600" ind1=" " ind2=" ">
    <subfield code="a">Atat&#xFC;rk, Mustafa Kemal</subfield>
    <subfield code="d">1881-1938</subfield>
    <subfield code="x">Duygu ve d&#xFC;&#x15F;&#xFC;nceler</subfield>
  </datafield>
  <datafield tag="600" ind1=" " ind2=" ">
    <subfield code="a">Atat&#xFC;rk, Mustafa Kemal</subfield>
    <subfield code="d">1881-1938</subfield>
    <subfield code="x">Anma kitaplar&#x131;</subfield>
  </datafield>
  <datafield tag="610" ind1=" " ind2=" ">
    <subfield code="a">An&#x131;tkabir</subfield>
    <subfield code="x">Onur defteri</subfield>
  </datafield>
  <datafield tag="650" ind1=" " ind2=" ">
    <subfield code="a">An&#x131;t mezarlar</subfield>
    <subfield code="x">An&#x131;tkabir</subfield>
  </datafield>
  <datafield tag="942" ind1=" " ind2=" ">
    <subfield code="2">dcc</subfield>
    <subfield code="c">BKS</subfield>
  </datafield>
  <datafield tag="952" ind1=" " ind2=" ">
    <subfield code="a">0001</subfield>
    <subfield code="b">0001</subfield>
    <subfield code="d">2016-08-21</subfield>
    <subfield code="e">2</subfield>
    <subfield code="h">c.4</subfield>
    <subfield code="l">0</subfield>
    <subfield code="o">ATA 923.156 A54 2001</subfield>
    <subfield code="p">000227</subfield>
    <subfield code="r">2016-08-21 00:00:00</subfield>
    <subfield code="v">0.00</subfield>
    <subfield code="w">2016-08-21</subfield>
    <subfield code="y">BKS</subfield>
  </datafield>
  <datafield tag="952" ind1=" " ind2=" ">
    <subfield code="a">0001</subfield>
    <subfield code="b">0001</subfield>
    <subfield code="d">2016-08-21</subfield>
    <subfield code="e">2</subfield>
    <subfield code="l">0</subfield>
    <subfield code="o">ATA 923.156 A54 2001</subfield>
    <subfield code="p">000228</subfield>
    <subfield code="r">2016-08-21 00:00:00</subfield>
    <subfield code="v">0.00</subfield>
    <subfield code="w">2016-08-21</subfield>
    <subfield code="y">BKS</subfield>
  </datafield>
  <datafield tag="952" ind1=" " ind2=" ">
    <subfield code="a">0001</subfield>
    <subfield code="b">0001</subfield>
    <subfield code="d">2016-08-21</subfield>
    <subfield code="e">2</subfield>
    <subfield code="h">c.2</subfield>
    <subfield code="l">0</subfield>
    <subfield code="o">ATA 923.156 A54 2001</subfield>
    <subfield code="p">000229</subfield>
    <subfield code="r">2016-08-21 00:00:00</subfield>
    <subfield code="v">0.00</subfield>
    <subfield code="w">2016-08-21</subfield>
    <subfield code="y">BKS</subfield>
  </datafield>
  <datafield tag="952" ind1=" " ind2=" ">
    <subfield code="a">0001</subfield>
    <subfield code="b">0001</subfield>
    <subfield code="d">2016-08-21</subfield>
    <subfield code="e">2</subfield>
    <subfield code="h">c.3</subfield>
    <subfield code="l">0</subfield>
    <subfield code="o">ATA 923.156 A54 2001</subfield>
    <subfield code="p">000230</subfield>
    <subfield code="r">2016-08-21 00:00:00</subfield>
    <subfield code="v">0.00</subfield>
    <subfield code="w">2016-08-21</subfield>
    <subfield code="y">BKS</subfield>
  </datafield>
  <datafield tag="952" ind1=" " ind2=" ">
    <subfield code="a">0001</subfield>
    <subfield code="b">0001</subfield>
    <subfield code="d">2016-08-21</subfield>
    <subfield code="e">2</subfield>
    <subfield code="h">c.4</subfield>
    <subfield code="l">0</subfield>
    <subfield code="o">ATA 923.156 A54 2001</subfield>
    <subfield code="p">000231</subfield>
    <subfield code="r">2016-08-21 00:00:00</subfield>
    <subfield code="v">0.00</subfield>
    <subfield code="w">2016-08-21</subfield>
    <subfield code="y">BKS</subfield>
  </datafield>
  <datafield tag="952" ind1=" " ind2=" ">
    <subfield code="a">0001</subfield>
    <subfield code="b">0001</subfield>
    <subfield code="d">2016-08-21</subfield>
    <subfield code="e">2</subfield>
    <subfield code="h">c.5</subfield>
    <subfield code="l">0</subfield>
    <subfield code="o">ATA 923.156 A54 2001</subfield>
    <subfield code="p">000232</subfield>
    <subfield code="r">2016-08-21 00:00:00</subfield>
    <subfield code="v">0.00</subfield>
    <subfield code="w">2016-08-21</subfield>
    <subfield code="y">BKS</subfield>
  </datafield>
  <datafield tag="952" ind1=" " ind2=" ">
    <subfield code="a">0001</subfield>
    <subfield code="b">0001</subfield>
    <subfield code="d">2016-08-21</subfield>
    <subfield code="e">2</subfield>
    <subfield code="h">c.6</subfield>
    <subfield code="l">0</subfield>
    <subfield code="o">ATA 923.156 A54 2001</subfield>
    <subfield code="p">000233</subfield>
    <subfield code="r">2016-08-21 00:00:00</subfield>
    <subfield code="v">0.00</subfield>
    <subfield code="w">2016-08-21</subfield>
    <subfield code="y">BKS</subfield>
  </datafield>
  <datafield tag="952" ind1=" " ind2=" ">
    <subfield code="a">0001</subfield>
    <subfield code="b">0001</subfield>
    <subfield code="d">2016-08-21</subfield>
    <subfield code="e">2</subfield>
    <subfield code="h">c.7</subfield>
    <subfield code="l">0</subfield>
    <subfield code="o">ATA 923.156 A54 2001</subfield>
    <subfield code="p">000234</subfield>
    <subfield code="r">2016-08-21 00:00:00</subfield>
    <subfield code="v">0.00</subfield>
    <subfield code="w">2016-08-21</subfield>
    <subfield code="y">BKS</subfield>
  </datafield>
  <datafield tag="952" ind1=" " ind2=" ">
    <subfield code="a">0001</subfield>
    <subfield code="b">0001</subfield>
    <subfield code="d">2016-08-21</subfield>
    <subfield code="e">2</subfield>
    <subfield code="h">c.8</subfield>
    <subfield code="l">0</subfield>
    <subfield code="o">ATA 923.156 A54 2001</subfield>
    <subfield code="p">000235</subfield>
    <subfield code="r">2016-08-21 00:00:00</subfield>
    <subfield code="v">0.00</subfield>
    <subfield code="w">2016-08-21</subfield>
    <subfield code="y">BKS</subfield>
  </datafield>
  <datafield tag="952" ind1=" " ind2=" ">
    <subfield code="a">0001</subfield>
    <subfield code="b">0001</subfield>
    <subfield code="d">2016-08-21</subfield>
    <subfield code="e">2</subfield>
    <subfield code="h">c.9</subfield>
    <subfield code="l">0</subfield>
    <subfield code="o">ATA 923.156 A54 2001</subfield>
    <subfield code="p">000236</subfield>
    <subfield code="r">2016-08-21 00:00:00</subfield>
    <subfield code="v">0.00</subfield>
    <subfield code="w">2016-08-21</subfield>
    <subfield code="y">BKS</subfield>
  </datafield>
  <datafield tag="952" ind1=" " ind2=" ">
    <subfield code="a">0001</subfield>
    <subfield code="b">0001</subfield>
    <subfield code="d">2016-08-21</subfield>
    <subfield code="e">2</subfield>
    <subfield code="h">c.10</subfield>
    <subfield code="l">0</subfield>
    <subfield code="o">ATA 923.156 A54 2001</subfield>
    <subfield code="p">000237</subfield>
    <subfield code="r">2016-08-21 00:00:00</subfield>
    <subfield code="v">0.00</subfield>
    <subfield code="w">2016-08-21</subfield>
    <subfield code="y">BKS</subfield>
  </datafield>
  <datafield tag="952" ind1=" " ind2=" ">
    <subfield code="a">0001</subfield>
    <subfield code="b">0001</subfield>
    <subfield code="d">2016-08-21</subfield>
    <subfield code="e">2</subfield>
    <subfield code="h">c.11</subfield>
    <subfield code="l">0</subfield>
    <subfield code="o">ATA 923.156 A54 2001</subfield>
    <subfield code="p">000238</subfield>
    <subfield code="r">2016-08-21 00:00:00</subfield>
    <subfield code="v">0.00</subfield>
    <subfield code="w">2016-08-21</subfield>
    <subfield code="y">BKS</subfield>
  </datafield>
  <datafield tag="952" ind1=" " ind2=" ">
    <subfield code="a">0001</subfield>
    <subfield code="b">0001</subfield>
    <subfield code="d">2016-08-21</subfield>
    <subfield code="e">2</subfield>
    <subfield code="h">c.12</subfield>
    <subfield code="l">0</subfield>
    <subfield code="o">ATA 923.156 A54 2001</subfield>
    <subfield code="p">000239</subfield>
    <subfield code="r">2016-08-21 00:00:00</subfield>
    <subfield code="v">0.00</subfield>
    <subfield code="w">2016-08-21</subfield>
    <subfield code="y">BKS</subfield>
  </datafield>
  <datafield tag="952" ind1=" " ind2=" ">
    <subfield code="a">0001</subfield>
    <subfield code="b">0001</subfield>
    <subfield code="d">2016-08-21</subfield>
    <subfield code="e">2</subfield>
    <subfield code="h">c.13</subfield>
    <subfield code="l">0</subfield>
    <subfield code="o">ATA 923.156 A54 2001</subfield>
    <subfield code="p">000240</subfield>
    <subfield code="r">2016-08-21 00:00:00</subfield>
    <subfield code="v">0.00</subfield>
    <subfield code="w">2016-08-21</subfield>
    <subfield code="y">BKS</subfield>
  </datafield>
  <datafield tag="952" ind1=" " ind2=" ">
    <subfield code="a">0001</subfield>
    <subfield code="b">0001</subfield>
    <subfield code="d">2016-08-21</subfield>
    <subfield code="e">2</subfield>
    <subfield code="h">c.14</subfield>
    <subfield code="l">0</subfield>
    <subfield code="o">ATA 923.156 A54 2001</subfield>
    <subfield code="p">000241</subfield>
    <subfield code="r">2016-08-21 00:00:00</subfield>
    <subfield code="v">0.00</subfield>
    <subfield code="w">2016-08-21</subfield>
    <subfield code="y">BKS</subfield>
  </datafield>
  <datafield tag="952" ind1=" " ind2=" ">
    <subfield code="a">0001</subfield>
    <subfield code="b">0001</subfield>
    <subfield code="d">2016-08-21</subfield>
    <subfield code="e">2</subfield>
    <subfield code="h">c.15</subfield>
    <subfield code="l">0</subfield>
    <subfield code="o">ATA 923.156 A54 2001</subfield>
    <subfield code="p">000242</subfield>
    <subfield code="r">2016-08-21 00:00:00</subfield>
    <subfield code="v">0.00</subfield>
    <subfield code="w">2016-08-21</subfield>
    <subfield code="y">BKS</subfield>
  </datafield>
  <datafield tag="952" ind1=" " ind2=" ">
    <subfield code="a">0001</subfield>
    <subfield code="b">0001</subfield>
    <subfield code="d">2016-08-21</subfield>
    <subfield code="e">2</subfield>
    <subfield code="h">c.16</subfield>
    <subfield code="l">0</subfield>
    <subfield code="o">ATA 923.156 A54 2001</subfield>
    <subfield code="p">000243</subfield>
    <subfield code="r">2016-08-21 00:00:00</subfield>
    <subfield code="v">0.00</subfield>
    <subfield code="w">2016-08-21</subfield>
    <subfield code="y">BKS</subfield>
  </datafield>
  <datafield tag="952" ind1=" " ind2=" ">
    <subfield code="a">0001</subfield>
    <subfield code="b">0001</subfield>
    <subfield code="d">2016-08-21</subfield>
    <subfield code="e">2</subfield>
    <subfield code="h">c.17</subfield>
    <subfield code="l">0</subfield>
    <subfield code="o">ATA 923.156 A54 2001</subfield>
    <subfield code="p">000244</subfield>
    <subfield code="r">2016-08-21 00:00:00</subfield>
    <subfield code="v">0.00</subfield>
    <subfield code="w">2016-08-21</subfield>
    <subfield code="y">BKS</subfield>
  </datafield>
  <datafield tag="952" ind1=" " ind2=" ">
    <subfield code="a">0001</subfield>
    <subfield code="b">0001</subfield>
    <subfield code="d">2016-08-21</subfield>
    <subfield code="e">2</subfield>
    <subfield code="h">c.18</subfield>
    <subfield code="l">0</subfield>
    <subfield code="o">ATA 923.156 A54 2001</subfield>
    <subfield code="p">000245</subfield>
    <subfield code="r">2016-08-21 00:00:00</subfield>
    <subfield code="v">0.00</subfield>
    <subfield code="w">2016-08-21</subfield>
    <subfield code="y">BKS</subfield>
  </datafield>
  <datafield tag="952" ind1=" " ind2=" ">
    <subfield code="a">0001</subfield>
    <subfield code="b">0001</subfield>
    <subfield code="d">2016-08-21</subfield>
    <subfield code="e">2</subfield>
    <subfield code="h">c.19</subfield>
    <subfield code="l">0</subfield>
    <subfield code="o">ATA 923.156 A54 2001</subfield>
    <subfield code="p">000246</subfield>
    <subfield code="r">2016-08-21 00:00:00</subfield>
    <subfield code="v">0.00</subfield>
    <subfield code="w">2016-08-21</subfield>
    <subfield code="y">BKS</subfield>
  </datafield>
  <datafield tag="952" ind1=" " ind2=" ">
    <subfield code="a">0001</subfield>
    <subfield code="b">0001</subfield>
    <subfield code="d">2016-08-21</subfield>
    <subfield code="e">2</subfield>
    <subfield code="h">c.20</subfield>
    <subfield code="l">0</subfield>
    <subfield code="o">ATA 923.156 A54 2001</subfield>
    <subfield code="p">000247</subfield>
    <subfield code="r">2016-08-21 00:00:00</subfield>
    <subfield code="v">0.00</subfield>
    <subfield code="w">2016-08-21</subfield>
    <subfield code="y">BKS</subfield>
  </datafield>
  <datafield tag="952" ind1=" " ind2=" ">
    <subfield code="a">0001</subfield>
    <subfield code="b">0001</subfield>
    <subfield code="d">2016-08-21</subfield>
    <subfield code="e">2</subfield>
    <subfield code="h">c.21</subfield>
    <subfield code="l">0</subfield>
    <subfield code="o">ATA 923.156 A54 2001</subfield>
    <subfield code="p">000248</subfield>
    <subfield code="r">2016-08-21 00:00:00</subfield>
    <subfield code="v">0.00</subfield>
    <subfield code="w">2016-08-21</subfield>
    <subfield code="y">BKS</subfield>
  </datafield>
  <datafield tag="952" ind1=" " ind2=" ">
    <subfield code="a">0001</subfield>
    <subfield code="b">0001</subfield>
    <subfield code="d">2016-08-21</subfield>
    <subfield code="e">2</subfield>
    <subfield code="h">c.22</subfield>
    <subfield code="l">0</subfield>
    <subfield code="o">ATA 923.156 A54 2001</subfield>
    <subfield code="p">000249</subfield>
    <subfield code="r">2016-08-21 00:00:00</subfield>
    <subfield code="v">0.00</subfield>
    <subfield code="w">2016-08-21</subfield>
    <subfield code="y">BKS</subfield>
  </datafield>
  <datafield tag="952" ind1=" " ind2=" ">
    <subfield code="a">0001</subfield>
    <subfield code="b">0001</subfield>
    <subfield code="d">2016-09-17</subfield>
    <subfield code="e">2</subfield>
    <subfield code="h">c.23</subfield>
    <subfield code="l">0</subfield>
    <subfield code="o">ATA 923.156 A54 2001</subfield>
    <subfield code="p">006013</subfield>
    <subfield code="r">2016-09-17 00:00:00</subfield>
    <subfield code="t">k.2</subfield>
    <subfield code="v">0.00</subfield>
    <subfield code="w">2016-09-17</subfield>
    <subfield code="y">BKS</subfield>
  </datafield>
  <datafield tag="952" ind1=" " ind2=" ">
    <subfield code="a">0001</subfield>
    <subfield code="b">0001</subfield>
    <subfield code="d">2016-09-17</subfield>
    <subfield code="e">2</subfield>
    <subfield code="l">0</subfield>
    <subfield code="o">ATA 923.156 A54 2001</subfield>
    <subfield code="p">006014</subfield>
    <subfield code="r">2016-09-17 00:00:00</subfield>
    <subfield code="t">k.2</subfield>
    <subfield code="v">0.00</subfield>
    <subfield code="w">2016-09-17</subfield>
    <subfield code="y">BKS</subfield>
  </datafield>
  <datafield tag="952" ind1=" " ind2=" ">
    <subfield code="a">0001</subfield>
    <subfield code="b">0001</subfield>
    <subfield code="d">2016-09-17</subfield>
    <subfield code="e">2</subfield>
    <subfield code="h">c.2</subfield>
    <subfield code="l">0</subfield>
    <subfield code="o">ATA 923.156 A54 2001</subfield>
    <subfield code="p">006015</subfield>
    <subfield code="r">2016-09-17 00:00:00</subfield>
    <subfield code="t">k.2</subfield>
    <subfield code="v">0.00</subfield>
    <subfield code="w">2016-09-17</subfield>
    <subfield code="y">BKS</subfield>
  </datafield>
  <datafield tag="952" ind1=" " ind2=" ">
    <subfield code="a">0001</subfield>
    <subfield code="b">0001</subfield>
    <subfield code="d">2016-09-17</subfield>
    <subfield code="e">2</subfield>
    <subfield code="h">c.3</subfield>
    <subfield code="l">0</subfield>
    <subfield code="o">ATA 923.156 A54 2001</subfield>
    <subfield code="p">006016</subfield>
    <subfield code="r">2016-09-17 00:00:00</subfield>
    <subfield code="t">k.2</subfield>
    <subfield code="v">0.00</subfield>
    <subfield code="w">2016-09-17</subfield>
    <subfield code="y">BKS</subfield>
  </datafield>
  <datafield tag="952" ind1=" " ind2=" ">
    <subfield code="a">0001</subfield>
    <subfield code="b">0001</subfield>
    <subfield code="d">2016-09-17</subfield>
    <subfield code="e">2</subfield>
    <subfield code="h">c.4</subfield>
    <subfield code="l">0</subfield>
    <subfield code="o">ATA 923.156 A54 2001</subfield>
    <subfield code="p">006017</subfield>
    <subfield code="r">2016-09-17 00:00:00</subfield>
    <subfield code="t">k.2</subfield>
    <subfield code="v">0.00</subfield>
    <subfield code="w">2016-09-17</subfield>
    <subfield code="y">BKS</subfield>
  </datafield>
  <datafield tag="952" ind1=" " ind2=" ">
    <subfield code="a">0001</subfield>
    <subfield code="b">0001</subfield>
    <subfield code="d">2016-09-17</subfield>
    <subfield code="e">2</subfield>
    <subfield code="h">c.5</subfield>
    <subfield code="l">0</subfield>
    <subfield code="o">ATA 923.156 A54 2001</subfield>
    <subfield code="p">006018</subfield>
    <subfield code="r">2016-09-17 00:00:00</subfield>
    <subfield code="t">k.2</subfield>
    <subfield code="v">0.00</subfield>
    <subfield code="w">2016-09-17</subfield>
    <subfield code="y">BKS</subfield>
  </datafield>
  <datafield tag="952" ind1=" " ind2=" ">
    <subfield code="a">0001</subfield>
    <subfield code="b">0001</subfield>
    <subfield code="d">2016-09-17</subfield>
    <subfield code="e">2</subfield>
    <subfield code="h">c.6</subfield>
    <subfield code="l">0</subfield>
    <subfield code="o">ATA 923.156 A54 2001</subfield>
    <subfield code="p">006019</subfield>
    <subfield code="r">2016-09-17 00:00:00</subfield>
    <subfield code="t">k.2</subfield>
    <subfield code="v">0.00</subfield>
    <subfield code="w">2016-09-17</subfield>
    <subfield code="y">BKS</subfield>
  </datafield>
  <datafield tag="952" ind1=" " ind2=" ">
    <subfield code="a">0001</subfield>
    <subfield code="b">0001</subfield>
    <subfield code="d">2016-09-17</subfield>
    <subfield code="e">2</subfield>
    <subfield code="h">c.7</subfield>
    <subfield code="l">0</subfield>
    <subfield code="o">ATA 923.156 A54 2001</subfield>
    <subfield code="p">006020</subfield>
    <subfield code="r">2016-09-17 00:00:00</subfield>
    <subfield code="t">k.2</subfield>
    <subfield code="v">0.00</subfield>
    <subfield code="w">2016-09-17</subfield>
    <subfield code="y">BKS</subfield>
  </datafield>
  <datafield tag="952" ind1=" " ind2=" ">
    <subfield code="a">0001</subfield>
    <subfield code="b">0001</subfield>
    <subfield code="d">2016-09-17</subfield>
    <subfield code="e">2</subfield>
    <subfield code="h">c.8</subfield>
    <subfield code="l">0</subfield>
    <subfield code="o">ATA 923.156 A54 2001</subfield>
    <subfield code="p">006021</subfield>
    <subfield code="r">2016-09-17 00:00:00</subfield>
    <subfield code="t">k.2</subfield>
    <subfield code="v">0.00</subfield>
    <subfield code="w">2016-09-17</subfield>
    <subfield code="y">BKS</subfield>
  </datafield>
  <datafield tag="952" ind1=" " ind2=" ">
    <subfield code="a">0001</subfield>
    <subfield code="b">0001</subfield>
    <subfield code="d">2016-09-17</subfield>
    <subfield code="e">2</subfield>
    <subfield code="h">c.9</subfield>
    <subfield code="l">0</subfield>
    <subfield code="o">ATA 923.156 A54 2001</subfield>
    <subfield code="p">006022</subfield>
    <subfield code="r">2016-09-17 00:00:00</subfield>
    <subfield code="t">k.2</subfield>
    <subfield code="v">0.00</subfield>
    <subfield code="w">2016-09-17</subfield>
    <subfield code="y">BKS</subfield>
  </datafield>
  <datafield tag="952" ind1=" " ind2=" ">
    <subfield code="a">0001</subfield>
    <subfield code="b">0001</subfield>
    <subfield code="d">2016-09-17</subfield>
    <subfield code="e">2</subfield>
    <subfield code="h">c.10</subfield>
    <subfield code="l">0</subfield>
    <subfield code="o">ATA 923.156 A54 2001</subfield>
    <subfield code="p">006023</subfield>
    <subfield code="r">2016-09-17 00:00:00</subfield>
    <subfield code="t">k.2</subfield>
    <subfield code="v">0.00</subfield>
    <subfield code="w">2016-09-17</subfield>
    <subfield code="y">BKS</subfield>
  </datafield>
  <datafield tag="952" ind1=" " ind2=" ">
    <subfield code="a">0001</subfield>
    <subfield code="b">0001</subfield>
    <subfield code="d">2016-09-17</subfield>
    <subfield code="e">2</subfield>
    <subfield code="h">c.11</subfield>
    <subfield code="l">0</subfield>
    <subfield code="o">ATA 923.156 A54 2001</subfield>
    <subfield code="p">006024</subfield>
    <subfield code="r">2016-09-17 00:00:00</subfield>
    <subfield code="t">k.2</subfield>
    <subfield code="v">0.00</subfield>
    <subfield code="w">2016-09-17</subfield>
    <subfield code="y">BKS</subfield>
  </datafield>
  <datafield tag="952" ind1=" " ind2=" ">
    <subfield code="a">0001</subfield>
    <subfield code="b">0001</subfield>
    <subfield code="d">2016-09-17</subfield>
    <subfield code="e">2</subfield>
    <subfield code="h">c.12</subfield>
    <subfield code="l">0</subfield>
    <subfield code="o">ATA 923.156 A54 2001</subfield>
    <subfield code="p">006025</subfield>
    <subfield code="r">2016-09-17 00:00:00</subfield>
    <subfield code="t">k.2</subfield>
    <subfield code="v">0.00</subfield>
    <subfield code="w">2016-09-17</subfield>
    <subfield code="y">BKS</subfield>
  </datafield>
  <datafield tag="952" ind1=" " ind2=" ">
    <subfield code="a">0001</subfield>
    <subfield code="b">0001</subfield>
    <subfield code="d">2016-09-17</subfield>
    <subfield code="e">2</subfield>
    <subfield code="h">c.13</subfield>
    <subfield code="l">0</subfield>
    <subfield code="o">ATA 923.156 A54 2001</subfield>
    <subfield code="p">006026</subfield>
    <subfield code="r">2016-09-17 00:00:00</subfield>
    <subfield code="t">k.2</subfield>
    <subfield code="v">0.00</subfield>
    <subfield code="w">2016-09-17</subfield>
    <subfield code="y">BKS</subfield>
  </datafield>
  <datafield tag="952" ind1=" " ind2=" ">
    <subfield code="a">0001</subfield>
    <subfield code="b">0001</subfield>
    <subfield code="d">2016-09-17</subfield>
    <subfield code="e">2</subfield>
    <subfield code="h">c.14</subfield>
    <subfield code="l">0</subfield>
    <subfield code="o">ATA 923.156 A54 2001</subfield>
    <subfield code="p">006027</subfield>
    <subfield code="r">2016-09-17 00:00:00</subfield>
    <subfield code="t">k.2</subfield>
    <subfield code="v">0.00</subfield>
    <subfield code="w">2016-09-17</subfield>
    <subfield code="y">BKS</subfield>
  </datafield>
  <datafield tag="952" ind1=" " ind2=" ">
    <subfield code="a">0001</subfield>
    <subfield code="b">0001</subfield>
    <subfield code="d">2016-09-17</subfield>
    <subfield code="e">2</subfield>
    <subfield code="h">c.15</subfield>
    <subfield code="l">0</subfield>
    <subfield code="o">ATA 923.156 A54 2001</subfield>
    <subfield code="p">006028</subfield>
    <subfield code="r">2016-09-17 00:00:00</subfield>
    <subfield code="t">k.2</subfield>
    <subfield code="v">0.00</subfield>
    <subfield code="w">2016-09-17</subfield>
    <subfield code="y">BKS</subfield>
  </datafield>
  <datafield tag="952" ind1=" " ind2=" ">
    <subfield code="a">0001</subfield>
    <subfield code="b">0001</subfield>
    <subfield code="d">2016-09-17</subfield>
    <subfield code="e">2</subfield>
    <subfield code="h">c.16</subfield>
    <subfield code="l">0</subfield>
    <subfield code="o">ATA 923.156 A54 2001</subfield>
    <subfield code="p">006029</subfield>
    <subfield code="r">2016-09-17 00:00:00</subfield>
    <subfield code="t">k.2</subfield>
    <subfield code="v">0.00</subfield>
    <subfield code="w">2016-09-17</subfield>
    <subfield code="y">BKS</subfield>
  </datafield>
  <datafield tag="952" ind1=" " ind2=" ">
    <subfield code="a">0001</subfield>
    <subfield code="b">0001</subfield>
    <subfield code="d">2016-09-17</subfield>
    <subfield code="e">2</subfield>
    <subfield code="h">c.17</subfield>
    <subfield code="l">0</subfield>
    <subfield code="o">ATA 923.156 A54 2001</subfield>
    <subfield code="p">006030</subfield>
    <subfield code="r">2016-09-17 00:00:00</subfield>
    <subfield code="t">k.2</subfield>
    <subfield code="v">0.00</subfield>
    <subfield code="w">2016-09-17</subfield>
    <subfield code="y">BKS</subfield>
  </datafield>
  <datafield tag="952" ind1=" " ind2=" ">
    <subfield code="a">0001</subfield>
    <subfield code="b">0001</subfield>
    <subfield code="d">2016-09-17</subfield>
    <subfield code="e">2</subfield>
    <subfield code="h">c.18</subfield>
    <subfield code="l">0</subfield>
    <subfield code="o">ATA 923.156 A54 2001</subfield>
    <subfield code="p">006031</subfield>
    <subfield code="r">2016-09-17 00:00:00</subfield>
    <subfield code="t">k.2</subfield>
    <subfield code="v">0.00</subfield>
    <subfield code="w">2016-09-17</subfield>
    <subfield code="y">BKS</subfield>
  </datafield>
  <datafield tag="952" ind1=" " ind2=" ">
    <subfield code="a">0001</subfield>
    <subfield code="b">0001</subfield>
    <subfield code="d">2016-09-17</subfield>
    <subfield code="e">2</subfield>
    <subfield code="h">c.19</subfield>
    <subfield code="l">0</subfield>
    <subfield code="o">ATA 923.156 A54 2001</subfield>
    <subfield code="p">006032</subfield>
    <subfield code="r">2016-09-17 00:00:00</subfield>
    <subfield code="t">k.2</subfield>
    <subfield code="v">0.00</subfield>
    <subfield code="w">2016-09-17</subfield>
    <subfield code="y">BKS</subfield>
  </datafield>
  <datafield tag="952" ind1=" " ind2=" ">
    <subfield code="a">0002</subfield>
    <subfield code="b">0002</subfield>
    <subfield code="d">2024-02-27</subfield>
    <subfield code="h">c.1</subfield>
    <subfield code="l">0</subfield>
    <subfield code="o">ATA 923.156 A54 2001 c.1</subfield>
    <subfield code="p">21277</subfield>
    <subfield code="r">2024-02-27 00:00:00</subfield>
    <subfield code="w">2024-02-27</subfield>
    <subfield code="y">BKS</subfield>
  </datafield>
  <datafield tag="952" ind1=" " ind2=" ">
    <subfield code="a">0002</subfield>
    <subfield code="b">0002</subfield>
    <subfield code="d">2024-02-27</subfield>
    <subfield code="h">c.2</subfield>
    <subfield code="l">0</subfield>
    <subfield code="o">ATA 923.156 A54 2001 c.2</subfield>
    <subfield code="p">21278</subfield>
    <subfield code="r">2024-02-27 00:00:00</subfield>
    <subfield code="w">2024-02-27</subfield>
    <subfield code="y">BKS</subfield>
  </datafield>
  <datafield tag="952" ind1=" " ind2=" ">
    <subfield code="a">0002</subfield>
    <subfield code="b">0002</subfield>
    <subfield code="d">2024-02-27</subfield>
    <subfield code="h">c.3</subfield>
    <subfield code="l">0</subfield>
    <subfield code="o">ATA 923.156 A54 2001 c.3</subfield>
    <subfield code="p">21279</subfield>
    <subfield code="r">2024-02-27 00:00:00</subfield>
    <subfield code="w">2024-02-27</subfield>
    <subfield code="y">BKS</subfield>
  </datafield>
  <datafield tag="952" ind1=" " ind2=" ">
    <subfield code="a">0002</subfield>
    <subfield code="b">0002</subfield>
    <subfield code="d">2024-02-27</subfield>
    <subfield code="h">c.4</subfield>
    <subfield code="l">0</subfield>
    <subfield code="o">ATA 923.156 A54 2001 c.4</subfield>
    <subfield code="p">21280</subfield>
    <subfield code="r">2024-02-27 00:00:00</subfield>
    <subfield code="w">2024-02-27</subfield>
    <subfield code="y">BKS</subfield>
  </datafield>
  <datafield tag="952" ind1=" " ind2=" ">
    <subfield code="a">0002</subfield>
    <subfield code="b">0002</subfield>
    <subfield code="d">2024-02-27</subfield>
    <subfield code="h">c.5</subfield>
    <subfield code="l">0</subfield>
    <subfield code="o">ATA 923.156 A54 2001 c.5</subfield>
    <subfield code="p">21281</subfield>
    <subfield code="r">2024-02-27 00:00:00</subfield>
    <subfield code="w">2024-02-27</subfield>
    <subfield code="y">BKS</subfield>
  </datafield>
  <datafield tag="952" ind1=" " ind2=" ">
    <subfield code="a">0002</subfield>
    <subfield code="b">0002</subfield>
    <subfield code="d">2024-02-27</subfield>
    <subfield code="h">c.6</subfield>
    <subfield code="l">0</subfield>
    <subfield code="o">ATA 923.156 A54 2001 c.6</subfield>
    <subfield code="p">21282</subfield>
    <subfield code="r">2024-02-27 00:00:00</subfield>
    <subfield code="w">2024-02-27</subfield>
    <subfield code="y">BKS</subfield>
  </datafield>
  <datafield tag="952" ind1=" " ind2=" ">
    <subfield code="a">0002</subfield>
    <subfield code="b">0002</subfield>
    <subfield code="d">2024-02-27</subfield>
    <subfield code="h">c.7</subfield>
    <subfield code="l">0</subfield>
    <subfield code="o">ATA 923.156 A54 2001 c.7</subfield>
    <subfield code="p">21283</subfield>
    <subfield code="r">2024-02-27 00:00:00</subfield>
    <subfield code="w">2024-02-27</subfield>
    <subfield code="y">BKS</subfield>
  </datafield>
  <datafield tag="952" ind1=" " ind2=" ">
    <subfield code="a">0002</subfield>
    <subfield code="b">0002</subfield>
    <subfield code="d">2024-02-27</subfield>
    <subfield code="h">c.8</subfield>
    <subfield code="l">0</subfield>
    <subfield code="o">ATA 923.156 A54 2001 c.8</subfield>
    <subfield code="p">21284</subfield>
    <subfield code="r">2024-02-27 00:00:00</subfield>
    <subfield code="w">2024-02-27</subfield>
    <subfield code="y">BKS</subfield>
  </datafield>
  <datafield tag="952" ind1=" " ind2=" ">
    <subfield code="a">0002</subfield>
    <subfield code="b">0002</subfield>
    <subfield code="d">2024-02-27</subfield>
    <subfield code="h">c.9</subfield>
    <subfield code="l">0</subfield>
    <subfield code="o">ATA 923.156 A54 2001 c.9</subfield>
    <subfield code="p">21285</subfield>
    <subfield code="r">2024-02-27 00:00:00</subfield>
    <subfield code="w">2024-02-27</subfield>
    <subfield code="y">BKS</subfield>
  </datafield>
  <datafield tag="952" ind1=" " ind2=" ">
    <subfield code="a">0002</subfield>
    <subfield code="b">0002</subfield>
    <subfield code="d">2024-02-27</subfield>
    <subfield code="h">c.10</subfield>
    <subfield code="l">0</subfield>
    <subfield code="o">ATA 923.156 A54 2001 c.10</subfield>
    <subfield code="p">21286</subfield>
    <subfield code="r">2024-02-27 00:00:00</subfield>
    <subfield code="w">2024-02-27</subfield>
    <subfield code="y">BKS</subfield>
  </datafield>
  <datafield tag="952" ind1=" " ind2=" ">
    <subfield code="a">0002</subfield>
    <subfield code="b">0002</subfield>
    <subfield code="d">2024-02-27</subfield>
    <subfield code="h">c.12</subfield>
    <subfield code="l">0</subfield>
    <subfield code="o">ATA 923.156 A54 2001 c.12</subfield>
    <subfield code="p">21287</subfield>
    <subfield code="r">2024-02-27 00:00:00</subfield>
    <subfield code="w">2024-02-27</subfield>
    <subfield code="y">BKS</subfield>
  </datafield>
  <datafield tag="952" ind1=" " ind2=" ">
    <subfield code="a">0002</subfield>
    <subfield code="b">0002</subfield>
    <subfield code="d">2024-02-27</subfield>
    <subfield code="h">c.13</subfield>
    <subfield code="l">0</subfield>
    <subfield code="o">ATA 923.156 A54 2001 c.13</subfield>
    <subfield code="p">21288</subfield>
    <subfield code="r">2024-02-27 00:00:00</subfield>
    <subfield code="w">2024-02-27</subfield>
    <subfield code="y">BKS</subfield>
  </datafield>
  <datafield tag="952" ind1=" " ind2=" ">
    <subfield code="a">0002</subfield>
    <subfield code="b">0002</subfield>
    <subfield code="d">2024-02-27</subfield>
    <subfield code="h">c.14</subfield>
    <subfield code="l">0</subfield>
    <subfield code="o">ATA 923.156 A54 2001 c.14</subfield>
    <subfield code="p">21289</subfield>
    <subfield code="r">2024-02-27 00:00:00</subfield>
    <subfield code="w">2024-02-27</subfield>
    <subfield code="y">BKS</subfield>
  </datafield>
  <datafield tag="952" ind1=" " ind2=" ">
    <subfield code="a">0002</subfield>
    <subfield code="b">0002</subfield>
    <subfield code="d">2024-02-27</subfield>
    <subfield code="h">c.15</subfield>
    <subfield code="l">0</subfield>
    <subfield code="o">ATA 923.156 A54 2001 c.15</subfield>
    <subfield code="p">21290</subfield>
    <subfield code="r">2024-02-27 00:00:00</subfield>
    <subfield code="w">2024-02-27</subfield>
    <subfield code="y">BKS</subfield>
  </datafield>
  <datafield tag="952" ind1=" " ind2=" ">
    <subfield code="a">0002</subfield>
    <subfield code="b">0002</subfield>
    <subfield code="d">2024-02-27</subfield>
    <subfield code="h">c.16</subfield>
    <subfield code="l">0</subfield>
    <subfield code="o">ATA 923.156 A54 2001 c.16</subfield>
    <subfield code="p">21291</subfield>
    <subfield code="r">2024-02-27 00:00:00</subfield>
    <subfield code="w">2024-02-27</subfield>
    <subfield code="y">BKS</subfield>
  </datafield>
  <datafield tag="952" ind1=" " ind2=" ">
    <subfield code="a">0002</subfield>
    <subfield code="b">0002</subfield>
    <subfield code="d">2024-02-27</subfield>
    <subfield code="h">c.17</subfield>
    <subfield code="l">0</subfield>
    <subfield code="o">ATA 923.156 A54 2001 c.17</subfield>
    <subfield code="p">21292</subfield>
    <subfield code="r">2024-02-27 00:00:00</subfield>
    <subfield code="w">2024-02-27</subfield>
    <subfield code="y">BKS</subfield>
  </datafield>
  <datafield tag="952" ind1=" " ind2=" ">
    <subfield code="a">0002</subfield>
    <subfield code="b">0002</subfield>
    <subfield code="d">2024-02-27</subfield>
    <subfield code="h">c.18</subfield>
    <subfield code="l">0</subfield>
    <subfield code="o">ATA 923.156 A54 2001 c.18</subfield>
    <subfield code="p">21293</subfield>
    <subfield code="r">2024-02-27 00:00:00</subfield>
    <subfield code="w">2024-02-27</subfield>
    <subfield code="y">BKS</subfield>
  </datafield>
  <datafield tag="952" ind1=" " ind2=" ">
    <subfield code="a">0002</subfield>
    <subfield code="b">0002</subfield>
    <subfield code="d">2024-02-27</subfield>
    <subfield code="h">c.19</subfield>
    <subfield code="l">0</subfield>
    <subfield code="o">ATA 923.156 A54 2001 c.19</subfield>
    <subfield code="p">21294</subfield>
    <subfield code="r">2024-02-27 00:00:00</subfield>
    <subfield code="w">2024-02-27</subfield>
    <subfield code="y">BKS</subfield>
  </datafield>
  <datafield tag="952" ind1=" " ind2=" ">
    <subfield code="a">0002</subfield>
    <subfield code="b">0002</subfield>
    <subfield code="d">2024-02-27</subfield>
    <subfield code="h">c.20</subfield>
    <subfield code="l">0</subfield>
    <subfield code="o">ATA 923.156 A54 2001 c.20</subfield>
    <subfield code="p">21295</subfield>
    <subfield code="r">2024-02-27 00:00:00</subfield>
    <subfield code="w">2024-02-27</subfield>
    <subfield code="y">BKS</subfield>
  </datafield>
  <datafield tag="952" ind1=" " ind2=" ">
    <subfield code="a">0002</subfield>
    <subfield code="b">0002</subfield>
    <subfield code="d">2024-02-27</subfield>
    <subfield code="h">c.21</subfield>
    <subfield code="l">0</subfield>
    <subfield code="o">ATA 923.156 A54 2001 c.21</subfield>
    <subfield code="p">21296</subfield>
    <subfield code="r">2024-02-27 00:00:00</subfield>
    <subfield code="w">2024-02-27</subfield>
    <subfield code="y">BKS</subfield>
  </datafield>
  <datafield tag="952" ind1=" " ind2=" ">
    <subfield code="a">0002</subfield>
    <subfield code="b">0002</subfield>
    <subfield code="d">2024-02-27</subfield>
    <subfield code="h">c.22</subfield>
    <subfield code="l">0</subfield>
    <subfield code="o">ATA 923.156 A54 2001 c.22</subfield>
    <subfield code="p">21297</subfield>
    <subfield code="r">2024-02-27 00:00:00</subfield>
    <subfield code="w">2024-02-27</subfield>
    <subfield code="y">BKS</subfield>
  </datafield>
  <datafield tag="952" ind1=" " ind2=" ">
    <subfield code="a">0002</subfield>
    <subfield code="b">0002</subfield>
    <subfield code="d">2024-02-27</subfield>
    <subfield code="h">c.23</subfield>
    <subfield code="l">0</subfield>
    <subfield code="o">ATA 923.156 A54 2001 c.23</subfield>
    <subfield code="p">21298</subfield>
    <subfield code="r">2024-02-27 00:00:00</subfield>
    <subfield code="w">2024-02-27</subfield>
    <subfield code="y">BKS</subfield>
  </datafield>
  <datafield tag="999" ind1=" " ind2=" ">
    <subfield code="c">3533</subfield>
    <subfield code="d">3533</subfield>
  </datafield>
</record>
